<?xml version="1.0" encoding="UTF-8"?>
<collection xmlns="http://www.loc.gov/MARC21/slim">
 <record>
  <leader>03698cam a22007092c 4500</leader>
  <controlfield tag="001">1079939687</controlfield>
  <controlfield tag="003">DE-627</controlfield>
  <controlfield tag="005">20250212181050.0</controlfield>
  <controlfield tag="007">tu</controlfield>
  <controlfield tag="008">850101s1974    gw |||||      00| ||ger c</controlfield>
  <datafield tag="035" ind1=" " ind2=" ">
   <subfield code="a">(DE-627)1079939687</subfield>
  </datafield>
  <datafield tag="035" ind1=" " ind2=" ">
   <subfield code="a">(DE-576)009939687</subfield>
  </datafield>
  <datafield tag="035" ind1=" " ind2=" ">
   <subfield code="a">(DE-599)BSZ009939687</subfield>
  </datafield>
  <datafield tag="035" ind1=" " ind2=" ">
   <subfield code="a">(OCoLC)237528907</subfield>
  </datafield>
  <datafield tag="035" ind1=" " ind2=" ">
   <subfield code="a">(OCoLC)63501403</subfield>
  </datafield>
  <datafield tag="035" ind1=" " ind2=" ">
   <subfield code="a">(OCoLC)237528907</subfield>
  </datafield>
  <datafield tag="035" ind1=" " ind2=" ">
   <subfield code="a">(DE-604)8057184976</subfield>
  </datafield>
  <datafield tag="040" ind1=" " ind2=" ">
   <subfield code="a">DE-627</subfield>
   <subfield code="b">ger</subfield>
   <subfield code="c">DE-627</subfield>
   <subfield code="e">rakwb</subfield>
  </datafield>
  <datafield tag="041" ind1=" " ind2=" ">
   <subfield code="a">ger</subfield>
  </datafield>
  <datafield tag="044" ind1=" " ind2=" ">
   <subfield code="c">XA-DE-NW</subfield>
  </datafield>
  <datafield tag="084" ind1=" " ind2=" ">
   <subfield code="a">NQ 1070</subfield>
   <subfield code="2">rvk</subfield>
   <subfield code="0">(DE-625)rvk/128050:</subfield>
  </datafield>
  <datafield tag="084" ind1=" " ind2=" ">
   <subfield code="a">NQ 1010</subfield>
   <subfield code="2">rvk</subfield>
   <subfield code="0">(DE-625)rvk/128038:</subfield>
  </datafield>
  <datafield tag="084" ind1=" " ind2=" ">
   <subfield code="a">PL 203</subfield>
   <subfield code="2">rvk</subfield>
   <subfield code="0">(DE-625)rvk/136926:</subfield>
  </datafield>
  <datafield tag="245" ind1="0" ind2="0">
   <subfield code="a">Parlamentspraxis in der Weimarer Republik</subfield>
   <subfield code="b">die Tagungsberichte der Vereinigung der deutschen Parlamentsdirektoren 1925 bis 1933</subfield>
   <subfield code="c">bearb. von Martin Schumacher</subfield>
  </datafield>
  <datafield tag="264" ind1=" " ind2="1">
   <subfield code="a">Düsseldorf</subfield>
   <subfield code="b">Droste</subfield>
   <subfield code="c">1974</subfield>
  </datafield>
  <datafield tag="300" ind1=" " ind2=" ">
   <subfield code="a">VII, 272 S.</subfield>
   <subfield code="b">Ill.</subfield>
  </datafield>
  <datafield tag="336" ind1=" " ind2=" ">
   <subfield code="a">Text</subfield>
   <subfield code="b">txt</subfield>
   <subfield code="2">rdacontent</subfield>
  </datafield>
  <datafield tag="337" ind1=" " ind2=" ">
   <subfield code="a">ohne Hilfsmittel zu benutzen</subfield>
   <subfield code="b">n</subfield>
   <subfield code="2">rdamedia</subfield>
  </datafield>
  <datafield tag="338" ind1=" " ind2=" ">
   <subfield code="a">Band</subfield>
   <subfield code="b">nc</subfield>
   <subfield code="2">rdacarrier</subfield>
  </datafield>
  <datafield tag="490" ind1="1" ind2=" ">
   <subfield code="a">Quellen zur Geschichte des Parlamentarismus und der politischen Parteien</subfield>
   <subfield code="a">Reihe 3, Die Weimarer Republik</subfield>
   <subfield code="v">2</subfield>
  </datafield>
  <datafield tag="583" ind1="1" ind2=" ">
   <subfield code="a">Archivierung/Langzeitarchivierung gewährleistet</subfield>
   <subfield code="f">SLG</subfield>
   <subfield code="x">XA-DE-BW</subfield>
   <subfield code="z">BfZ</subfield>
   <subfield code="2">pdager</subfield>
   <subfield code="5">DE-24</subfield>
  </datafield>
  <datafield tag="655" ind1=" " ind2="7">
   <subfield code="a">Quelle</subfield>
   <subfield code="0">(DE-588)4135952-5</subfield>
   <subfield code="0">(DE-627)105661236</subfield>
   <subfield code="0">(DE-576)209665084</subfield>
   <subfield code="2">gnd-content</subfield>
  </datafield>
  <datafield tag="689" ind1="0" ind2="0">
   <subfield code="d">g</subfield>
   <subfield code="0">(DE-588)4011882-4</subfield>
   <subfield code="0">(DE-627)104704861</subfield>
   <subfield code="0">(DE-576)208896155</subfield>
   <subfield code="a">Deutschland</subfield>
   <subfield code="2">gnd</subfield>
  </datafield>
  <datafield tag="689" ind1="0" ind2="1">
   <subfield code="d">s</subfield>
   <subfield code="0">(DE-588)4044685-2</subfield>
   <subfield code="0">(DE-627)106204629</subfield>
   <subfield code="0">(DE-576)209061944</subfield>
   <subfield code="a">Parlament</subfield>
   <subfield code="2">gnd</subfield>
  </datafield>
  <datafield tag="689" ind1="0" ind2="2">
   <subfield code="a">z</subfield>
   <subfield code="2">gnd</subfield>
   <subfield code="a">Geschichte 1918-1933</subfield>
  </datafield>
  <datafield tag="689" ind1="0" ind2=" ">
   <subfield code="5">(DE-627)</subfield>
  </datafield>
  <datafield tag="689" ind1="1" ind2="0">
   <subfield code="d">g</subfield>
   <subfield code="0">(DE-588)4011882-4</subfield>
   <subfield code="0">(DE-627)104704861</subfield>
   <subfield code="0">(DE-576)208896155</subfield>
   <subfield code="a">Deutschland</subfield>
   <subfield code="2">gnd</subfield>
  </datafield>
  <datafield tag="689" ind1="1" ind2="1">
   <subfield code="d">s</subfield>
   <subfield code="0">(DE-588)4044685-2</subfield>
   <subfield code="0">(DE-627)106204629</subfield>
   <subfield code="0">(DE-576)209061944</subfield>
   <subfield code="a">Parlament</subfield>
   <subfield code="2">gnd</subfield>
  </datafield>
  <datafield tag="689" ind1="1" ind2="2">
   <subfield code="a">z</subfield>
   <subfield code="2">gnd</subfield>
   <subfield code="a">Geschichte 1925-1933</subfield>
  </datafield>
  <datafield tag="689" ind1="1" ind2=" ">
   <subfield code="5">(DE-627)</subfield>
  </datafield>
  <datafield tag="689" ind1="2" ind2="0">
   <subfield code="d">s</subfield>
   <subfield code="0">(DE-588)4044685-2</subfield>
   <subfield code="0">(DE-627)106204629</subfield>
   <subfield code="0">(DE-576)209061944</subfield>
   <subfield code="a">Parlament</subfield>
   <subfield code="2">gnd</subfield>
  </datafield>
  <datafield tag="689" ind1="2" ind2="1">
   <subfield code="d">s</subfield>
   <subfield code="0">(DE-588)4156959-3</subfield>
   <subfield code="0">(DE-627)105504459</subfield>
   <subfield code="0">(DE-576)209830808</subfield>
   <subfield code="a">Geschäftsordnung</subfield>
   <subfield code="2">gnd</subfield>
  </datafield>
  <datafield tag="689" ind1="2" ind2="2">
   <subfield code="a">z</subfield>
   <subfield code="2">gnd</subfield>
   <subfield code="a">Geschichte 1925-1933</subfield>
  </datafield>
  <datafield tag="689" ind1="2" ind2=" ">
   <subfield code="5">(DE-627)</subfield>
  </datafield>
  <datafield tag="700" ind1="1" ind2=" ">
   <subfield code="a">Schumacher, Martin</subfield>
   <subfield code="d">1939-</subfield>
   <subfield code="e">Bearb.</subfield>
   <subfield code="0">(DE-588)1079395164</subfield>
   <subfield code="0">(DE-627)840961510</subfield>
   <subfield code="0">(DE-576)452446201</subfield>
   <subfield code="4">adp</subfield>
  </datafield>
  <datafield tag="787" ind1="0" ind2="8">
   <subfield code="i">Rezensiert in</subfield>
   <subfield code="a">Schiffers, Reinhard, 1935 - </subfield>
   <subfield code="t">[Rezension von: Karl Dietrich Bracher, Erich Matthias, Rudolf Morset (Hrsg.), Parlamentspraxis in der Weimarer Republik. Die Tagungsberichte der Vereinigung der deutschen Parlamentsdirektoren 1925 bis 1933]</subfield>
   <subfield code="d">München : Artemis Verlag, 1976</subfield>
   <subfield code="w">(DE-627)1577708121</subfield>
   <subfield code="w">(DE-576)507708121</subfield>
  </datafield>
  <datafield tag="830" ind1=" " ind2="0">
   <subfield code="a">Quellen zur Geschichte des Parlamentarismus und der politischen Parteien / 3</subfield>
   <subfield code="v">2</subfield>
   <subfield code="9">2</subfield>
   <subfield code="w">(DE-627)130225037</subfield>
   <subfield code="w">(DE-576)015770311</subfield>
   <subfield code="w">(DE-600)539323-1</subfield>
   <subfield code="x">0931-0495</subfield>
   <subfield code="7">am</subfield>
  </datafield>
  <datafield tag="936" ind1="r" ind2="v">
   <subfield code="a">NQ 1070</subfield>
   <subfield code="b">Quellen</subfield>
   <subfield code="k">Geschichte</subfield>
   <subfield code="k">Geschichte seit 1918</subfield>
   <subfield code="k">Deutsche Geschichte seit dem Ende des Ersten Weltkriegs</subfield>
   <subfield code="k">Weimarer Republik (1918 - 1933)</subfield>
   <subfield code="k">Allgemeines</subfield>
   <subfield code="k">Quellen</subfield>
   <subfield code="0">(DE-627)1271460610</subfield>
   <subfield code="0">(DE-625)rvk/128050:</subfield>
   <subfield code="0">(DE-576)201460610</subfield>
  </datafield>
  <datafield tag="936" ind1="r" ind2="v">
   <subfield code="a">NQ 1010</subfield>
   <subfield code="b">Quellen</subfield>
   <subfield code="k">Geschichte</subfield>
   <subfield code="k">Geschichte seit 1918</subfield>
   <subfield code="k">Allgemeines</subfield>
   <subfield code="k">Quellen</subfield>
   <subfield code="0">(DE-627)1271470365</subfield>
   <subfield code="0">(DE-625)rvk/128038:</subfield>
   <subfield code="0">(DE-576)201470365</subfield>
  </datafield>
  <datafield tag="936" ind1="r" ind2="v">
   <subfield code="a">PL 203</subfield>
   <subfield code="b">Texte, Materialien</subfield>
   <subfield code="k">Rechtswissenschaft</subfield>
   <subfield code="k">Staatsrecht und Verfassungsgeschichte</subfield>
   <subfield code="k">Allgemeines</subfield>
   <subfield code="k">Texte, Materialien</subfield>
   <subfield code="0">(DE-627)1271266784</subfield>
   <subfield code="0">(DE-625)rvk/136926:</subfield>
   <subfield code="0">(DE-576)201266784</subfield>
  </datafield>
  <datafield tag="951" ind1=" " ind2=" ">
   <subfield code="a">BO</subfield>
  </datafield>
  <datafield tag="990" ind1=" " ind2=" ">
   <subfield code="a">Deutschland</subfield>
  </datafield>
  <datafield tag="990" ind1=" " ind2=" ">
   <subfield code="a">Parlament</subfield>
  </datafield>
  <datafield tag="990" ind1=" " ind2=" ">
   <subfield code="a">Geschichte 1918-1933</subfield>
  </datafield>
  <datafield tag="990" ind1=" " ind2=" ">
   <subfield code="a">Deutschland</subfield>
  </datafield>
  <datafield tag="990" ind1=" " ind2=" ">
   <subfield code="a">Parlament</subfield>
  </datafield>
  <datafield tag="990" ind1=" " ind2=" ">
   <subfield code="a">Geschichte 1925-1933</subfield>
  </datafield>
  <datafield tag="990" ind1=" " ind2=" ">
   <subfield code="a">Parlament</subfield>
  </datafield>
  <datafield tag="990" ind1=" " ind2=" ">
   <subfield code="a">Geschäftsordnung</subfield>
  </datafield>
  <datafield tag="990" ind1=" " ind2=" ">
   <subfield code="a">Geschichte 1925-1933</subfield>
  </datafield>
  <datafield tag="991" ind1=" " ind2=" ">
   <subfield code="a">Rezensiertes Werk</subfield>
  </datafield>
  <datafield tag="999" ind1=" " ind2=" ">
   <subfield code="a">KXP-PPN1079939687</subfield>
   <subfield code="e">4674279984</subfield>
  </datafield>
 </record>
</collection>
